| 000 | 01041nam a2200253Ia 4500 | ||
|---|---|---|---|
| 001 | 9996 | ||
| 003 | GE_BSU | ||
| 008 | 181216s||||||||xx |||||||||||||| ||und|| | ||
| 020 | _a9789941130526 | ||
| 040 | _cGE_BSU | ||
| 080 | _a821.353.1–13 | ||
| 100 | _aრუსთაველი,შოთა | ||
| 245 | _aვეფხისტყაოსანი | ||
| 245 | _bპოემა | ||
| 245 | _cრედ.ლალი გერმანიშვილი.ტექსტი შედარებულია 1957 წელს ალ.ბარამიძის,კ.კეკელიძისა და ა.შანიძის რედაქტორობით გამოცემულ "ვეფხისტყაოსანთან | ||
| 260 | _aთბილისი | ||
| 260 | _bუნივერსიტეტის გამ–ბა | ||
| 260 | _c? | ||
| 300 | _a399გვ.20სმ. | ||
| 541 | _h20ლ. | ||
| 653 | _aვეფხისტყაოსანი | ||
| 653 | _aპოემა | ||
| 942 | _cBK | ||
| 999 |
_c43269 _d43269 |
||